LEADER 01126nam a2200277 i 4500 001 000000146774 003 CaOOAMICUS 005 20060116000000.0 008 060116s2002 it u000 u ita u 013 $a123671 020 $a88-04-50153-7 040 $aSeMil$bita 100 1 $aGarcía Márquez, Gabriel,$d<1927-2014>.$0(OLS)http://semarc/name/9228 240 10$aVivir para contarla.$0(OLS)http://semarc/title/214634 245 10$aVivere per raccontarla /$cGabriel Garcia Marquez ; Traduzione di Angelo Morino. 260 $aMilano :$bMondadori,$c2002. 300 $a535 p. ;$c18 cm. 490 0 $aI Miti ;$v276 700 1 $aMorino, Angelo,$d<1949-2007>.$0(OLS)http://semarc/name/25189 830 2$aI miti ;$v276.$0(OLS)http://semarc/title/13689 850 $aSeMil 852 $aSeMil$W1$xVenegono$y1$m1W I 225$j99396$B99396$CSeMilBibl$Z2$F108051 $81 961 $aOmaggio: Ghiringhelli prof. Livio 996 $6020$a88-04-50153-7$9(OLS)http://semarc/number/135378 996 $6245$aVivere per raccontarla$9(OLS)http://semarc/title/214633 996 $6260$aMilano :$bMondadori$9(OLS)http://semarc/publisher/30335 LEADER 00914nam a2200205 i 4500 001 000000216098 003 CaOOAMICUS 005 20121003000000.0 008 121003s1980 it u000 u ita u 013 $a194975 040 $aSeMil$bita 100 1 $aGatti, Vincenzo <1935-2015>.$0(OLS)http://semarc/name/704 245 10$aAbbazia Benedettina di S. Pietro al Monte Pedale sopra Civate :$bnote-guida /$cVincenzo Gatti. 260 $aMilano :$bScuola Beato Angelico,$c1980. 300 $a53 p. :$bill. ;$c23 cm. 650 4$aCivate - Chiese - San Pietro al Monte.$0(OLS)http://semarc/subject/37031 850 $aSeMil 852 $aSeMil$W1$xVenegono$y1$m3P V 183$j166518$B166518$CSeMilBibl$Z2$F177419 $81 996 $6245$aAbbazia Benedettina di S. Pietro al Monte Pedale sopra Civate :$bnote-guida$9(OLS)http://semarc/title/310904 996 $6260$aMilano :$bScuola Beato Angelico$9(OLS)http://semarc/publisher/30388